Horse behavior problem solver : your questions answered about how horses think, learn, and react /

Bibliographic Details
Main Author: Jahiel, Jessica
Format: Book
Language:English
Published: North Adams, MA : Storey Pub., [2004]
Subjects:

MARC

Tag First Indicator Second Indicator Subfields
LEADER 00000cam a22000004a 4500
001 in00004507553
005 20191204153410.0
008 031001s2004 maua b 001 0 eng
010 |a  2003021733 
020 |a 1580175252 (alk. paper) 
020 |a 9781580175258 (alk. paper) 
020 |a 1580175244 (pbk. : alk. paper) 
020 |a 9781580175241 (pbk. : alk. paper) 
029 1 |a NZ1  |b 8031151 
029 1 |a AU@  |b 000026117685 
035 |a (OCoLC)ocm53231189 
035 |a (OCoLC)53231189 
035 |z (UtOrBLW)47878 
035 |a 68376 
040 |a DLC  |c DLC  |d AGL  |d BAKER  |d BTCTA  |d YDXCP  |d TMV  |d UtOrBLW 
042 |a pcc 
049 |a TMVM  |c 1 
050 0 0 |a SF281  |b .J35 2004 
060 4 |a SF 281  |b J25h 2004 
070 0 |a SF281  |b .J35 2004 
082 0 0 |a 636.1/0835  |2 22 
100 1 |a Jahiel, Jessica. 
245 1 0 |a Horse behavior problem solver :  |b your questions answered about how horses think, learn, and react /  |c Jessica Jahiel. 
264 1 |a North Adams, MA :  |b Storey Pub.,  |c [2004] 
264 4 |c ©2004 
300 |a xvi, 336 pages :  |b illustrations ;  |c 24 cm. 
336 |a text  |2 rdacontent  |b txt 
337 |a unmediated  |2 rdamedia 
338 |a volume  |2 rdacarrier  |b nc 
504 |a Includes bibliographical references and index. 
505 0 |a Horses and humans -- Catching and leading -- Grooming and handling -- Medicating -- Vet and farrier visits -- Tacking up -- Moving while the rider mounts -- On the trail -- Shying and spooking -- Herd-bound, barn-sour -- Napping and bolting -- Bucking and rearing -- In the stall -- In the stall : boredom breeds vice -- Tying and cross-tying -- Herd behavior and turnout -- Mares and foals -- Stallions -- Geldings -- Trailers : getting in, staying in, getting out -- At the show or clinic -- Moving to a new home -- There's always more to learn 
650 0 |a Horses  |x Behavior  |v Miscellanea. 
650 0 |a Horsemanship  |v Miscellanea. 
650 2 |a Horses  |x psychology. 
650 2 |a Behavior, Animal. 
999 |a MARS 
999 f f |s 73596d60-0cb0-3c7a-879c-88d0e68516a1  |i fb48e50f-ebf9-32e9-85f9-d2dde3ad4d62  |t 0 
952 f f |p preservation  |a Texas A&M University  |b J.J. Pickle Campus  |c High Density Repository  |d Remote Storage  |t 0  |e SF 281 J25h 2004  |h National Library of Medicine classification  |i unmediated -- volume  |m 323890198845H 
998 f f |a SF 281 J25h 2004  |t 0  |l Remote Storage